000 00711nam a2200289Ia 4500
005 20260324140021.0
008 008 260324s9999 xx 000 0 eng d
020 _a9780429228674
037 _aEBOOK
040 _aCRL
040 _beng
040 _cCRL
041 _2eng
041 _aeng
084 _qCRL
100 _aGreg Felker; K. S. Jomo
_91202814
245 0 _aTechnology, Competitiveness and the State
245 0 _bMalaysia's Industrial Technology Policies
260 _bTaylor and Francis
260 _c1999
365 _a
365 _b420
856 _uhttp://www.taylorfrancis.com/books/9780429228674
942 _cEBOOK
999 _c1804435
_d1804435